Úvod do ošetřovatelské angličtiny a reálií

Saved in:
Bibliographic Details
Main Author Adamczyk, Roman (Author)
Format Book
LanguageCzech
English
Published V Opavě : Slezská univerzita, Filozoficko-přírodovědecká fakulta, Ústav ošetřovatelství, 2007
EditionVyd. 1.
Subjects
ISBN9788072484294
Physical Description163 s. : il. ; 21 cm

Cover

LEADER 00000cam a2200000 a 4500
001 50319
003 CZ-ZlUTB
005 20190826001334.0
007 ta
008 080310s2007 xr a e p 000 0 cze
020 |a 9788072484294  |q (brož.) 
035 |a (OCoLC)236559752 
040 |a OLA001  |b cze  |d ABA001  |d ZLD002 
041 0 |a cze  |a eng 
072 7 |a 811.111  |x Angličtina  |2 Konspekt  |9 11 
072 7 |a 37.016  |x Učební osnovy. Vyučovací předměty. Učebnice  |2 Konspekt  |9 22 
080 |a 616-083  |2 MRF 
080 |a 811.111  |2 MRF 
080 |a 81'373.46  |2 MRF 
080 |a 81'24'373.46  |2 MRF 
080 |a (075.8)  |2 MRF 
100 1 |a Adamczyk, Roman  |7 ola2005298255  |4 aut 
245 1 0 |a Úvod do ošetřovatelské angličtiny a reálií /  |c Roman Adamczyk 
250 |a Vyd. 1. 
260 |a V Opavě :  |b Slezská univerzita, Filozoficko-přírodovědecká fakulta, Ústav ošetřovatelství,  |c 2007 
300 |a 163 s. :  |b il. ;  |c 21 cm 
504 |a Obsahuje bibliografii 
521 8 |a Určeno pro bakalářské a magisterské studium ošetřovatelství v denní i kombinované formě 
650 0 7 |a ošetřovatelství  |7 ph123893  |2 czenas 
650 0 7 |a angličtina  |7 ph114056  |2 czenas 
650 0 7 |a oborová terminologie  |7 ph138998  |2 czenas 
650 0 7 |a oborová konverzace  |7 ph166080  |2 czenas 
655 7 |a učebnice vysokých škol  |7 fd133772  |2 czenas 
910 |a ZLD002 
952 |0 0  |1 0  |4 0  |6 8020ADAMCZYKR  |7 0  |8 BOOK  |9 90217  |a UTBZL  |b UTBZL  |c 030  |d 2009-01-05  |l 0  |o 802.0/ADAMCZYK,R.  |p 420010121695  |r 2019-08-26 00:00:00  |v 176.00  |w 2019-08-26  |x N:nákup; | 20100831  |y 05 
952 |0 2  |1 0  |4 0  |6 8020ADAMCZYKR  |7 0  |8 BOOK  |9 90218  |a UTBZL  |b UTBZL  |c 006  |d 2009-01-05  |l 1  |o 802.0/ADAMCZYK,R.  |p 420010121696  |r 2019-08-26 00:00:00  |v 176.00  |w 2019-08-26  |x N:nákup; | 20100831  |y 04 
952 |0 2  |1 0  |4 0  |6 8020ADAMCZYKR  |7 0  |8 BOOK  |9 90219  |a UTBZL  |b UTBZL  |c 006  |d 2009-01-05  |l 1  |o 802.0/ADAMCZYK,R.  |p 420010121697  |r 2019-08-26 00:00:00  |v 176.00  |w 2019-08-26  |x N:nákup; | 20100831  |y 04 
992 |a BK  |b SK  |d 2 
901 |f 1. vyd.  |o 20080529 
999 |c 50319  |d 50319